000 00838nam a22002777a 4500
001 3050
003 FISKH
005 20240201110031.0
008 240201b cb ||||| |||| 00| 0 eng d
020 _a9780516245454
040 _aFISKH
_beng
_cFISKH
_dFISKH
050 _aPZ7.G82845
082 _a463
100 _aGreen, Carol
245 _aRain! Rain! /
_cby Green, Carol
260 _aNew York :
_bScholastic ,
_c1982
300 _a31 pages :
_bcolor illustrations ;
_c19 cm .
490 _a Rookie Readers
505 _aC
520 _aBlack clouds bring lightning and thunder and finally, rain that falls on everything and everyone. Includes a word list.
521 8 _a100
_bLexile
521 8 _aC
_bRaz-Plus
600 _2rain
_vnon-fiction
700 _aFrederick, Larry
_eillustrator
942 _2ddc
_cBK
_n0
999 _c3050
_d3050